000 00452nam a2200181Ia 4500
001 18504
005 20260306171635.0
008 260306s9999||||xx |||||||||||||| ||und||
041 _aESP
082 _a658.406
_bM86
100 _aMorris, Daniel
_eAUT
245 0 _aReingeniería:
_bcómo aplicarla con éxito en los negocios
260 _c1996
300 _a297 páginas :
_c24 cm.
650 _aGEN
654 _aCAN
942 _cLIB
_dJUS
_fJUS
_2ddc
_n
999 _c18504
_d18504